| Tag |
First Indicator |
Second Indicator |
Subfields |
| LEADER |
00000cam a22000004a 4500 |
| 001 |
in00002408521 |
| 005 |
20151109102852.0 |
| 008 |
071212s2008 nhua b 001 0 eng |
| 010 |
|
|
|a 2007050712
|
| 020 |
|
|
|a 9781578083886 (hardcover)
|
| 020 |
|
|
|a 1578083885 (hardcover)
|
| 029 |
1 |
|
|a NZ1
|b 12390135
|
| 035 |
|
|
|a (OCoLC)ocn183926567
|
| 035 |
|
|
|a (OCoLC)183926567
|
| 040 |
|
|
|a DLC
|c DLC
|d YDXCP
|d BTCTA
|d BAKER
|d C#P
|d BWX
|d CDX
|d UtOrBLW
|
| 049 |
|
|
|a TXAM
|
| 050 |
0 |
0 |
|a QL639.25
|b .F567 2008
|
| 082 |
0 |
0 |
|a 571.1/7
|2 22
|
| 245 |
0 |
0 |
|a Fish larval physiology /
|c editors, R.N. Finn, B.G. Kapoor.
|
| 264 |
|
1 |
|a Enfield, NH :
|b Science Publishers,
|c [2008]
|
| 264 |
|
4 |
|c ©2008
|
| 300 |
|
|
|a xv, 724 pages :
|b illustrations (some color) ;
|c 25 cm.
|
| 336 |
|
|
|a text
|b txt
|2 rdacontent
|
| 337 |
|
|
|a unmediated
|b n
|2 rdamedia
|
| 338 |
|
|
|a volume
|b nc
|2 rdacarrier
|
| 504 |
|
|
|a Includes bibliographical references and indexes.
|
| 650 |
|
0 |
|a Fishes
|x Larvae
|x Physiology.
|
| 700 |
1 |
|
|a Finn, R. N.
|q (Roderick Nigel)
|
| 700 |
1 |
|
|a Kapoor, B. G.
|
| 938 |
|
|
|a YBP Library Services
|b YANK
|n 2776479
|
| 938 |
|
|
|a Baker and Taylor
|b BTCP
|n BK0007638140
|
| 938 |
|
|
|a Baker & Taylor
|b BKTY
|c 139.00
|d 139.00
|i 1578083885
|n 0007638140
|s active
|
| 938 |
|
|
|a Blackwell Book Service
|b BBUS
|n R1726740
|c $139.00
|
| 938 |
|
|
|a Coutts Information Services
|b COUT
|n 6486477
|c 139.00 USD
|
| 945 |
|
|
|a PromptCat
|b 493972
|
| 946 |
|
|
|a stk
|
| 947 |
|
|
|a A14836744435
|
| 994 |
|
|
|a 92
|b TXA
|
| 948 |
|
|
|a cataloged
|b h
|d 2008/9/5
|h c
|e asalazar
|f 12:55:34 pm
|
| 999 |
|
|
|a MARS
|
| 999 |
f |
f |
|s 6bdea80c-bc27-32ea-9f24-b68e776d0d6c
|i ae29892d-89ea-369f-96b8-59dd6c87d09a
|t 0
|
| 952 |
f |
f |
|p normal
|a Texas A&M University
|b College Station
|c Sterling C. Evans Library
|d Evans: Library Stacks
|t 0
|e QL639.25 .F567 2008
|h Library of Congress classification
|i unmediated -- volume
|m A14836744435
|
| 998 |
f |
f |
|a QL639.25 .F567 2008
|t 0
|l Evans: Library Stacks
|